01210nam a2200145 4500008001300000020001800013082001800031100001700049245001700066260005700083300003000140505072300170650013100893700004001024720.71 R345r a9789930541516 a720.71bR345r aTEOR/éTica a(re) HABITAR aCartagobInstituto Tecnológico de Costa Ricac2019 a200 p.bil.c25,5 x 20 cm tIntroducción. El edificio, la vida doméstica (Registro visual desarrollado a lo largo de toda la publicación)rMarco GamboatI. Interior domésticorTaller HabitartII. Arquitectura de la ciudadtContra la homogeneización: Barrios Amón y Otoya como zona de significación cultural tIII. CohabitartNarrativa Procesor¡UPE!, TEOR/éTicatDe lo que nos cuesta hablarr¡UPE!, TEOR/éTicat¿Cómo se convive con el comercio sexual en Barrio Amón? Parte 2rConversación con Natalia Porrast¿Cómo ser parte de la ciudad, si nunca hemos sido parte de ella?rLuis HerratCiudades HospitalariasrLuis Durán tIV. EspaciotLa felicidad es social rCarolina Hernández tCréditos y Agradecimientos  xarquitecturaxespacio comúnxBarrioxcohabitaciónxAmón, BariioxOtoya, Barrioxcomercio sexualxarquitectura - sociedad aSemillas: Arquitectura en comunidad